Personnages de My Little Pony par image - Très Difficile - Statistiques

Statistiques générales
  • Ce quiz a été pris 15 fois
  • Le résultat moyen est 5 sur 15
Statistiques - réponses
Par images Réponse % Correct
Joe
89%
Toola Roola
56%
Saffron Masala
44%
Kerfuffle
33%
Angel Wings
22%
Coconut Cream
22%
Constance
22%
Dumb-bell
22%
Gustave le Grand
22%
Hoops
22%
Ms. Peachbottom
22%
Mulia Mild
22%
Peachy Pie
22%
Score
22%
Sunny Daze
22%
Aucun quiz correspondant
Distribution des résultats
% des personnes avec chaque résultat
Percentile par nombre de réponses
Votre historique - résultats
Vous n’avez pas pris ce quiz